000 01912nam0a2200349 4500
001 RU\NLR\bibl\830372
005 20250614141450.0
021 _aRU
_b2005-38232
_91899
035 _a(NLR Aleph) 000819242
090 _a1290539
_c1290539
100 _a20050811d2005 |||y0rusy50 ca
101 0 _arus
102 _aRU
105 _aa |||||||||
200 1 _aМетоды исследования системы органов дыхания
_eучебное пособие по пропедевтике внутренних болезней
_fВ.Р. Вебер, К.И. Соловьев, И.А. Сухенко
_gФедер. агентство по образованию, Новгород. гос. ун-т им. Ярослава Мудрого
210 _aВеликий Новгород
_cНовгородский государственный университет
_d2005
215 _a121 с.
_cил.
_d21
225 1 _aПропедевтика
320 _aБиблиогр.: с. 120-121
606 1 _aДыхательная система
_jУчебные издания для высших учебных заведений
_xБолезни
_xДиагностика
_91795841
_3RU\NLR\auth\66808651
606 1 _aДыхательная система
_jУчебные издания для высших учебных заведений
_xИсследование
_91801014
_3RU\NLR\auth\66811400
686 _aР412-43я73
686 _aР343.42я73
700 1 _4070
_7ca
_8rus
_aВебер
_bВ. Р.
_cд-р мед. наук
_f1954-
_gВиктор Робертович
_9253750
_3RU\NLR\AUTH\770253806
701 1 _aСоловьев
_bК. И.
_gКонстантин Иванович
_4070
701 1 _aСухенко
_bИ. А.
_gИрина Анатольевна
_4070
801 0 _aRU
_bNLR
_c20050811
_grcr
801 1 _aRU
_bNLR
_c20050811
942 _cBOOK
980 _aNB
980 _aNBR